Body Better Lyrics - Maisie Peters - Statistics

General Stats
  • This quiz has been taken 27 times
  • The average score is 422 of 484
Answer Stats
Answer % Correct
a
100%
A
100%
be
100%
better
100%
body
100%
I
100%
I,
100%
me
100%
that
100%
Then
100%
then
100%
you
100%
You
100%
all
96%
All
96%
an
96%
And
96%
and
96%
do
96%
Do
96%
for
96%
hear
96%
her?
96%
her
96%
if
96%
If
96%
it
96%
it,
96%
she
96%
the
96%
The
96%
to
96%
what
96%
when
96%
When
96%
can't
92%
is
92%
Is
92%
just
92%
Loving
92%
mine?
92%
(Mine)
92%
on
92%
one
92%
than
92%
was
92%
Was
92%
were
92%
Were
92%
your
92%
easy,
88%
Got
88%
got
88%
know
88%
like
88%
like?
88%
love
88%
not
88%
out
88%
she's
88%
So
88%
so
88%
thinking
88%
time?
88%
why
88%
any
85%
at
85%
Did
85%
did
85%
head
85%
help
85%
my
85%
Now
85%
now
85%
Now,
85%
of
85%
them
85%
Could
81%
gave
81%
Has
81%
hurts
81%
nothing
81%
said
81%
sorry?
81%
sorry
81%
that's
81%
up
81%
watch
81%
way
81%
weren't
81%
'Cause
77%
else
77%
eyes
77%
I'm
77%
its
77%
somebody
77%
superficially
77%
there
77%
touched
77%
worst
77%
best
73%
chest
73%
good
73%
heartbeat
73%
how
73%
How
73%
hundred
73%
myself,
73%
work
73%
blue
69%
in
69%
lay
69%
percent
69%
us
69%
watching
69%
would
69%
you're
69%
feel
65%
idea
65%
life
65%
obedient
65%
sheets,
65%
suffer?
65%
With
65%
convenient
62%
left
62%
never
62%
right?
62%
sense
62%
sit
62%
thought
62%
does
58%
make,
58%
make
58%
reason
58%
twisting
58%
use
58%
whys
58%
wrong
58%
hows
54%
lie?
54%
sleep?
54%
took
54%
cry?
50%
don't
50%
more
50%
Ooh
50%
run
50%
tell
50%
whens
50%
still
42%
Will
42%
clothes
38%
type
23%
room,
12%
holding
4%
size?
4%
bit
0%
drunk
0%
No matching quizzes found
Score Distribution
Percent of People with Each Score
Percentile by Number Answered
Your Score History
You have not taken this quiz